|
|
|
|
| LEADER |
00660nam a22001697a 4500 |
| 005 |
20151026130323.0 |
| 008 |
091019t xxu||||| |||| 00| 0 eng d |
| 020 |
|
|
|a 81-7824-101-3
|
| 080 |
|
|
|a 930.26(540)
|b GUH
|
| 100 |
|
|
|a Guha-Thakurta, Tapati
|9 7281
|
| 245 |
|
|
|a Monuments, objects histories:
|b institutions of art in colonial and post colonial India
|
| 260 |
|
|
|a New Delhi
|b Permanent black
|c 2004
|9 6959
|
| 300 |
|
|
|a xxv, 404p.
|
| 653 |
|
|
|a Monuments-India
|a Antiquities
|a Archaeology
|a Art history
|a Indian art
|
| 942 |
|
|
|c BK
|6 _
|
| 999 |
|
|
|c 3158
|d 3158
|
| 952 |
|
|
|0 0
|1 0
|2 udc
|4 0
|6 93026540_GUH
|7 0
|9 13481
|a UL
|b UL
|d 2009-10-19
|o 930.26(540) GUH
|p 00054813
|r 2009-10-19
|w 2009-10-19
|y BK
|